La croisade

محفوظ في:

المؤلف الرئيسي: Abbès Zouache

التنسيق: كتاب

اللغة: French

منشور في: Cairo Institut français d'archéologie orientale 2025

سلاسل: BiEtud ; 193

الموضوعات:

الوسوم: إضافة وسم

لا توجد وسوم, كن أول من يضع وسما على هذه التسجيلة!

رقم الطلب: DT57 .C18 v.193

LEADER 00778nam a22002417a 4500
003 OSt
005 20260428123034.0
008 260324t9999||||ua ab |||||||||| ||fre||
020 |a 9782724711097 
050 1 4 |a DT57  |b .C18 v.193 
100 0 |a Abbès Zouache 
245 1 0 |a La croisade  |c Abbès Zouache 
264 1 |a Cairo  |b Institut français d'archéologie orientale  |c 2025 
300 |a 427 pages :  |b illustrations, maps ;  |c 29 cm. 
490 0 |a BiEtud ; 193 
500 |a Includes Latin and Arabic primary sources, with French translations. 
650 4 |a Church history -- Middle Ages, 600-1500. 
650 4 |a Crusades. 
650 4 |a Jerusalem -- History -- Latin Kingdom, 1099-1244. 
650 4 |a Primary sources. 
650 4 |a une histoire partagée 
942 |2 lcc 
999 |c 61900  |d 61900